|
|
|
|
| LEADER |
00000nam0a2200000 4500 |
| 001 |
258866 |
| 005 |
20231101233331.0 |
| 035 |
|
|
|a (RuTPU)RU\TPU\book\281756
|
| 035 |
|
|
|a RU\TPU\book\280695
|
| 090 |
|
|
|a 258866
|
| 100 |
|
|
|a 20140429d1961 m y0rusy50 ca
|
| 101 |
0 |
|
|a rus
|
| 102 |
|
|
|a RU
|
| 105 |
|
|
|a y j 000zy
|
| 200 |
1 |
|
|a Лабораторные работы по химии
|h Ч. 1
|f Московский автомобильно-дорожный институт (МАДИ-ГТУ) ; сост. С. Д. Воробьев [и др.] ; под ред. А. К. Савина
|
| 210 |
|
|
|a Москва
|c Изд-во МАДИ
|d 1961
|
| 215 |
|
|
|a 51 с.
|
| 606 |
1 |
|
|a Химия
|2 stltpush
|3 (RuTPU)RU\TPU\subj\17362
|9 43035
|
| 610 |
1 |
|
|a лабораторные работы
|
| 610 |
1 |
|
|a учебные пособия
|
| 675 |
|
|
|a 54(076.8)
|v 3
|
| 702 |
|
1 |
|a Воробьев
|b С. Д.
|4 220
|
| 702 |
|
1 |
|a Гетлинг
|b Т. А.
|4 220
|
| 702 |
|
1 |
|a Савин
|b А. К.
|4 220
|
| 702 |
|
1 |
|a Чистозвонова
|b З. М.
|4 220
|
| 702 |
|
1 |
|a Савин
|b А. К.
|4 340
|
| 712 |
0 |
2 |
|a Московский автомобильно-дорожный институт (Государственный технический университет) (МАДИ-ГТУ)
|2 stltpush
|3 (RuTPU)RU\TPU\col\3181
|
| 801 |
|
1 |
|a RU
|b 63413507
|c 20140421
|
| 801 |
|
2 |
|a RU
|b 63413507
|c 20140524
|g RCR
|
| 942 |
|
|
|c BK
|